|
|
|
|
| LEADER |
00000naa2a2200000 4500 |
| 001 |
381661 |
| 005 |
20231101062844.0 |
| 035 |
|
|
|a (RuTPU)RU\TPU\prd\4519
|
| 090 |
|
|
|a 381661
|
| 100 |
|
|
|a 20020607a2002 k y0rusy50 ca
|
| 101 |
0 |
|
|a rus
|
| 102 |
|
|
|a RU
|
| 200 |
1 |
|
|a Водород как фактор метастабильности аморфных спловов
|f В. А. Полухин, Н. И. Сидоров, Р. М. Белякова и др.
|
| 225 |
1 |
|
|a Физические основы материаловедения
|
| 320 |
|
|
|a Библиогр.: 2 назв.
|
| 461 |
|
1 |
|0 (RuTPU)RU\TPU\prd\1134
|t Материаловедение
|o научно-технический и производственный журнал
|d 2001-
|
| 463 |
|
1 |
|0 (RuTPU)RU\TPU\prd\1609
|t № 1
|v С. 2-5
|d 2001
|
| 610 |
1 |
|
|a аморфные сплавы
|
| 610 |
1 |
|
|a метастабильность
|
| 610 |
1 |
|
|a компьютерные расчеты
|
| 610 |
1 |
|
|a водород
|
| 610 |
1 |
|
|a дифракционные эксперименты
|
| 610 |
1 |
|
|a амортизация
|
| 675 |
|
|
|a 546.3-161:533.15
|v 3
|
| 701 |
|
1 |
|a Полухин
|b В. А.
|
| 701 |
|
1 |
|a Сидоров
|b Н. И.
|
| 701 |
|
1 |
|a Белякова
|b Р. М.
|
| 701 |
|
1 |
|a Захаров
|b Р. Г.
|
| 701 |
|
1 |
|a Петрова
|b С. П.
|
| 701 |
|
1 |
|a Пикалов
|b С. М.
|
| 801 |
|
1 |
|a RU
|b 63413507
|c 20020607
|g PSBO
|
| 801 |
|
2 |
|a RU
|b 63413507
|c 20050121
|g PSBO
|
| 942 |
|
|
|c BK
|